00981cam a22002651 4500001001300000003000400013005001700017008004100034010001700075035001800092040001800110042001200128050002400140082001400164100003300178245013600211260004000347300006900387490007000456500001700526650003700543650005700580810006100637999001700698gs 39000121 DLC20260227111344.0720825s1938 xx 000 0 eng  ags 39000121  a(OCoLC)391669 aDLCcOAUdDLC apremarc00aQE299.5b.A32 no. 2 a553.095951 aIngham, Frank Tinley,d1895-04aThe geology of the neighbourhood of Tapah and Telok Anson, Perak, Federated Malay States,cwith an account of the mineral deposits. a[Singapore,bPrinters, ltd.,c1938] a72, v p.bplates, maps (2 fold., col., in pocket) diagr.c27 cm.1 aMalay States, Federated. Geological Survey Dept. [Memoir no. 2] aCover title. 0aGeologyzFederated Malay States. 0aMines and mineral resourceszFederated Malay States.1 aMalaya.bGeological Survey Department.tMemoir ;vno. 2. c27534d27534